Мощность зоны активного водообмена на территории Ерунаковского района; Проблемы геологии и освоения недр

Bibliografische gegevens
Parent link:Проблемы геологии и освоения недр.— 2005.— [С. 215-216]
Hoofdauteur: Огнетова М. П.
Andere auteurs: Шварцев С. Л. Степан Львович (научный руководитель)
Samenvatting:Заглавие с титульного листа
Электронная версия печатной публикации
Taal:Russisch
Gepubliceerd in: 2005
Onderwerpen:
Online toegang:http://www.lib.tpu.ru/fulltext/v/Conferences/2005/K01/035.pdf
Formaat: Elektronisch Hoofdstuk
KOHA link:https://koha.lib.tpu.ru/cgi-bin/koha/opac-detail.pl?biblionumber=123801

MARC

LEADER 00000naa2a2200000 4500
001 123801
005 20251202155437.0
035 |a (RuTPU)RU\TPU\book\133990 
090 |a 123801 
100 |a 20071024d2005 k y0rusy50 ca 
101 0 |a rus 
102 |a RU 
135 |a drnn ---uucaa 
181 0 |a i  
182 0 |a b 
200 1 |a Мощность зоны активного водообмена на территории Ерунаковского района  |f М. П. Огнетова  |g науч. рук. С. Л. Шварцев 
203 |a Текст  |c электронный 
215 |a 1 файл ( 426 Кб) 
300 |a Заглавие с титульного листа 
300 |a Электронная версия печатной публикации 
320 |a Библиогр.: 2 назв. 
337 |a Adobe Reader 
463 0 |0 (RuTPU)RU\TPU\book\111467  |y 5-89503-079-3  |t Проблемы геологии и освоения недр  |o труды Девятого международного симпозиума им. М. А. Усова, 2005 г. Томск  |f Томский политехнический университет; Проблемы геологии и освоения недр; под ред. Г. М. Ивановой, А. В. Шадриной  |v [С. 215-216]  |d 2005 
610 1 |a водообмен 
610 1 |a Ерунаковский район 
610 1 |a угольные бассейны 
610 1 |a Кузнецкий бассейн 
610 1 |a метан 
610 1 |a добыча 
610 1 |a воды подземные 
610 1 |a ионно-солевой состав 
610 1 |a электронный ресурс 
610 1 |a труды учёных ТПУ 
700 1 |a Огнетова  |b М. П. 
702 1 |a Шварцев  |b С. Л.  |c российский гидрогеолог, доктор геолого-минералогических наук  |c профессор Томского политехнического университета, академик РАЕН  |f 1936-  |g Степан Львович  |3 (RuTPU)RU\TPU\pers\25914  |4 727 
801 1 |a RU  |b 63413507  |c 20071024  |g PSBO 
801 2 |a RU  |b 63413507  |c 20130719  |g PSBO 
856 4 |u http://www.lib.tpu.ru/fulltext/v/Conferences/2005/K01/035.pdf 
942 |c CF